000
00285nam a2200097Ia 4500
082
_a
ETF WAR
245
0
_a
War : stories of conflict
100
_a
MORPURGO, Michael Harlow, Essex, 2006 Educational ed
_9
94782
942
_c
BK
008
210817s9999 xx 000 0 und d
999
_c
389034
_d
389033